Регионална библиотека "Любен Каравелов" - Русе

История на България 681 - 1878 (Запис номер 368494)

MARC детайли
000 -Лидер
Контролно поле с фиксирана дължина 01420nam a2200349 c 4500
003 - Код на организацията, давaща контролен номер
Контролно поле BLK
005 - Дата и час на последна редакция
Контролно поле 20250118152423.0
008 - Елементи от данни с фиксирана дължина
fixed length control field 180410b bul|||||r ||||||| ||bul||
010 ## - Наследен системен номер
LC control number KNG00155526000
040 ## - Източник на каталожния запис
Идентификатор на билиотеката - собственик на записа BLK
041 ## - Код за език
Код за езика на текст/звукозапис или на отделно заглавие Български
Код за езика КДБФ Български
080 ## - УДК
Текстов определител УДК История на България в основното училище
УДК код - определител по УДК 372.894.972
УДК определител (075.2)
УДК - код + определител 372.894.972(075.2)
100 1# - Редна дума - Автор
Автор Даков, Тодор Стефанов
R(LIN) 377954
139 ## - Редно поле
Редна дума Даков, Тодор Стефанов и др.
Авторски знак Дак - Д 14
245 10 - Сведения за заглавието
Заглавие История на България 681 - 1878
Подзаглавни данни Учебник за VІІ и VІІІ кл. на бълг. ученици, учещи в СССР
Редно поле (дума) Тодор Стефанов Даков; съавт. Атанас Стойков.
257 ## - Страна на издаване
Страна на създаване/издаване България
260 ## - Област на издателските данни
Име на издателя, разпространителя и проч. МНП
Година на издаване 1983
9 (RLIN) 212248
Място на издаване, разпространение и проч. София
300 ## - Физическа характеристика
Страници 104 с.
Размери/Мащаб 20 см
380 ## - Жанр
Жанр Обществени науки
650 #7 - Допълнително описание по предмет – тема
Основно описание – тема или топоним България - история - учебници за основни училища
Източник на редна или ключова дума
9 (RLIN) 149566
653 ## - Ключова дума – ненормативна
Ключова дума история
653 ## - Ключова дума – ненормативна
Ключова дума учебници за основни училища
653 ## - Ключова дума – ненормативна
Ключова дума VІІ кл. - VІІІ кл.
700 1# - Други автори (авторска отговорност)
Лично име Стойков, Атанас
Автороска отговорност (Описва отношението между автора и произведението) съавт.
Друга информация Атанасов, Атанас Стойков
9 (RLIN) 369553
852 ## - Местоположение
Форматна сигнатура Цб 122791
Фондова буква Хранилище
856 4# - Електронен адрес и достъп
Електронен формат pdf - файл
856 4# - Електронен адрес и достъп
Електронен формат pdf - файл
999 ## - СИСТЕМНИ КОНТРОЛНИ НОМЕРА
Koha biblionumber 368494
Koha biblioitemnumber 368494
942 ## - АРТИКУЛИ
Вид на библиотечния материал Книги
Скрит в OPAC Не
Периодичен библиозапис Да
944 ## - СЪЗДАВАНЕ И РЕДАКЦИЯ на ЗАПИСА
Създаване/Редакция Създаване
Дата на регистрацията/редакция 2020-06-15
Служител, извършил регистрацията/редакцията 30560
Статус, дата на статуса Геновева Генчева
944 ## - СЪЗДАВАНЕ И РЕДАКЦИЯ на ЗАПИСА
Създаване/Редакция Редакция
Дата на регистрацията/редакция 2020-06-15
999 ## - СИСТЕМНИ КОНТРОЛНИ НОМЕРА
Koha biblioitemnumber 149272
Наличности
Код за отписване Код за изгубен артикул Източник на класификационната схема Код за повреда Коз за рестрикции Код за отдаване Артикулен № Име на библиотеката - собственик Име на библиотеката, в която се намира в момента Статус (Текущо местоположение) Дата на вписване в системата Местоположение - отдел Цена в лева Инвентарен номер Систематично азбучна сигнатура Баркод Цена в евро Служебен тип на артикула
  Не е изгубен Universal Decimal Classification Не е повреден само за читалня ползва се в читалня 776781 Регионална библиотека "Любен Каравелов" Русе Регионална библиотека "Любен Каравелов" Русе Хранилище 2020-06-17 Хранилище 0.50 382441 Цб 122791 900000018069 0.26 Книги
Vip Innovations Ltd, Rousse, Bulgaria 2025